00717nam a2200229 4500003000400000005001700004008004100021040001800062050001800080110006500098245004800163264004400211300001800255336002200273337002400295338002400319650003800343700003900381700003500420942001500455999001700470OSt20260530113858.0260507b1965 xxu||||| |||| 00| 0 eng d aICIbspacICI aTA455.P5bA532 aThe American Soc of Tools and Manufacturing Engineers93195510aPlastics Tooling and Manufacturing Handbook aNGLEWOOD CLIFFS : bPrentice Hallc1965 a243 páginas atexto2rdacontent asin medio2rdamedia avolumen2rdacarrier04aHerramientas de plástico931956 aHarvey, Philip D., eeditor931957 aWilson, Ftank Weeditor931958 2lcccBKn1 c11695d11695